[Event "New York President's Day GM-A"]
[Site "New York"]
[Date "2025.02.16"]
[Round "5"]
[White "Jacobson, Aaron"]
[Black "Gauri, Shankar"]
[Result "1-0"]
[WhiteElo "2343"]
[BlackElo "2360"]
[PlyCount "85"]
[EventDate "2025.02.14"]
[EventType "tourn"]
[EventRounds "9"]
[EventCountry "USA"]
[EventCategory "6"]
[SourceTitle "CB08_2025"]
[SourceDate "2025.02.19"]
[SourceVersion "1"]
[SourceVersionDate "2025.02.19"]
[SourceQuality "1"]

1. c4 Nf6 2. Nc3 e6 3. Nf3 d5 4. d4 c6 5. Bg5 Nbd7 6. e3 h6 7. Bf4 Be7 8. Qc2 dxc4 9. Bxc4 b5 10. Be2 Bb7 11. 0-0 0-0 12. Rfd1 Rc8 13. Ne5 a6 14. Nd3 Nd5 15. Ne4 Nxf4 16. exf4 Qc7 17. Rac1 Rfd8 18. g3 c5 19. Nexc5 Nxc5 20. dxc5 Qc6 21. f3 a5 22. a3 b4 23. axb4 axb4 24. Kg2 Rd4 25. Ne5 Qxc5 26. Qxc5 Rxc5 27. Rxd4 Rxc1 28. Rd7 Rc2 29. Rxb7 Bc5 30. Nd3 Rxe2+ 31. Kf1 Rxh2 32. Nxc5 Rxb2 33. Nd3 Rb1+ 34. Kg2 b3 35. Ne5 f6 36. Nd3 g5 37. fxg5 hxg5 38. Nc5 Rb2+ 39. Kh3 f5 40. Nxe6 g4+ 41. fxg4 fxg4+ 42. Kxg4 Re2 43. Rb8+ 1-0

[Event "New York Blitz Fuel GM-B"]
[Site "New York"]
[Date "2025.01.19"]
[Round "7"]
[White "Gedajlovic, Max"]
[Black "Jacobson, Aaron"]
[Result "1/2-1/2"]
[WhiteElo "2391"]
[BlackElo "2353"]
[PlyCount "117"]
[EventDate "2025.01.16"]
[EventType "tourn"]
[EventRounds "9"]
[EventCountry "USA"]
[EventCategory "6"]
[SourceTitle "CB05_2025"]
[SourceDate "2025.01.29"]
[SourceVersion "1"]
[SourceVersionDate "2025.01.29"]
[SourceQuality "1"]

1. d4 e6 2. c4 b6 3. Nf3 Bb7 4. e3 Nf6 5. Bd3 d5 6. 0-0 Bd6 7. Nc3 a6 8. cxd5 exd5 9. b3 Nbd7 10. Bb2 Qe7 11. Ne2 Ne4 12. Rc1 0-0-0 13. Ng3 Nxg3 14. hxg3 Kb8 15. Qe2 Ka7 16. b4 h5 17. b5 a5 18. Rfe1 g6 19. Qc2 f5 20. Nh4 Rdg8 21. Kf1 Nf6 22. Ke2 Ne4 23. Nf3 Ka8 24. Rg1 g5 25. Ne5 h4 26. Rcf1 Qe8 27. Kd1 hxg3 28. fxg3 Nxg3 29. Rf3 Qh5 30. Kc1 Qh2 31. Rd1 f4 32. exf4 gxf4 33. Nf7 Rh4 34. Nxd6 cxd6 35. Kb1 Ne4 36. Bf1 Rc8 37. Qb3 Ng3 38. Rf2 Rg4 39. Qf3 Rcg8 40. Bc1 Nxf1 41. Rdxf1 Rxg2 42. Qxf4 Qh7+ 43. Qf5 Qh4 44. Rf4 Qe7 45. Qd3 R8g3 46. R1f3 Rxf3 47. Rxf3 Qe1 48. Rf1 Qe4 49. Qxe4 dxe4 50. Rf6 Bd5 51. Rxd6 Bxa2+ 52. Ka1 Kb7 53. d5 Bc4 54. Be3 Re2 55. Rxb6+ Ka8 56. Ra6+ Kb7 57. Rb6+ Ka8 58. Ra6+ Kb7 59. Rf6 1/2-1/2

[Event "New York Blitz Fuel GM-B"]
[Site "New York"]
[Date "2025.01.18"]
[Round "4"]
[White "Jacobson, Aaron"]
[Black "Adewumi, Tanitoluwa"]
[Result "1-0"]
[WhiteElo "2353"]
[BlackElo "2352"]
[PlyCount "109"]
[EventDate "2025.01.16"]
[EventType "tourn"]
[EventRounds "9"]
[EventCountry "USA"]
[EventCategory "6"]
[SourceTitle "CB05_2025"]
[SourceDate "2025.01.29"]
[SourceVersion "1"]
[SourceVersionDate "2025.01.29"]
[SourceQuality "1"]

1. d4 Nf6 2. c4 e6 3. Nf3 b6 4. g3 Ba6 5. Qc2 Bb7 6. Bg2 Bb4+ 7. Bd2 a5 8. a3 Bxd2+ 9. Nbxd2 a4 10. e4 d6 11. 0-0 Nbd7 12. e5 dxe5 13. dxe5 Ng4 14. Rad1 Nc5 15. h3 Nh6 16. Ne4 Qe7 17. Nfg5 Nf5 18. Nxc5 Bxg2 19. Kxg2 Qxc5 20. Qe4 Ra5 21. Rd5 Nh4+ 22. gxh4 exd5 23. Qf5 Qe7 24. Qc8+ Qd8 25. Qxd8+ Kxd8 26. Nxf7+ Ke7 27. Nxh8 dxc4 28. f4 Ra8 29. Kf3 Rxh8 30. Rg1 Kf7 31. Rd1 Ke6 32. Ke4 Rf8 33. h5 b5 34. Rg1 Kf7 35. Rd1 Ke6 36. h4 Rf7 37. Rg1 c5 38. h6 gxh6 39. Rd1 Ra7 40. f5+ Kf7 41. f6 b4 42. Kf5 c3 43. e6+ Ke8 44. f7+ Rxf7+ 45. exf7+ Kxf7 46. bxc3 b3 47. c4 Ke7 48. h5 Kf7 49. Rd7+ Ke8 50. Ke6 Kf8 51. Rd8+ Kg7 52. Rb8 b2 53. Rxb2 Kh8 54. Kf6 Kg8 55. Rb8# 1-0

[Event "New York Blitz Fuel GM-B"]
[Site "New York"]
[Date "2025.01.17"]
[Round "3"]
[White "Paragua, Mark"]
[Black "Jacobson, Aaron"]
[Result "1-0"]
[WhiteElo "2432"]
[BlackElo "2353"]
[PlyCount "47"]
[EventDate "2025.01.16"]
[EventType "tourn"]
[EventRounds "9"]
[EventCountry "USA"]
[EventCategory "6"]
[SourceTitle "CB05_2025"]
[SourceDate "2025.01.29"]
[SourceVersion "1"]
[SourceVersionDate "2025.01.29"]
[SourceQuality "1"]

1. e4 e5 2. Nf3 Nc6 3. Bb5 f5 4. d3 fxe4 5. dxe4 Nf6 6. 0-0 d6 7. Nc3 Be7 8. h3 0-0 9. Be3 Kh8 10. Qe2 Qe8 11. Nd5 Bd8 12. Nxf6 Bxf6 13. Kh1 Qg6 14. Rad1 Qxe4 15. Bd3 Qa4 16. b3 Qxa2 17. Nd2 e4 18. Nxe4 Bf5 19. g4 Bxe4+ 20. Bxe4 Rae8 21. f3 Qa5 22. g5 Bxg5 23. Rd5 Qxd5 24. Bxd5 1-0

[Event "Edward Lasker Memorial 108th"]
[Site "New York"]
[Date "2024.12.15"]
[Round "7"]
[White "Colwell, Andrew"]
[Black "Jacobson, Aaron"]
[Result "0-1"]
[WhiteElo "1838"]
[BlackElo "2381"]
[PlyCount "112"]
[EventDate "2024.12.12"]
[EventType "swiss"]
[EventRounds "7"]
[EventCountry "USA"]
[SourceTitle "CB51_2024"]
[SourceDate "2024.12.18"]
[SourceVersion "1"]
[SourceVersionDate "2024.12.18"]
[SourceQuality "1"]

1. d4 e6 2. c4 b6 3. g3 Bb7 4. Nf3 Bb4+ 5. Nc3 Nf6 6. Bg2 0-0 7. 0-0 Bxc3 8. bxc3 d6 9. c5 bxc5 10. dxc5 dxc5 11. Ba3 Nbd7 12. Qa4 Re8 13. Rfd1 Qc8 14. Rab1 Bd5 15. Ng5 h6 16. Ne4 Nxe4 17. Bxe4 Nb6 18. Qc2 c4 19. Bc5 Qb7 20. Bxd5 exd5 21. Qf5 Re7 22. e3 Rxe3 23. Qg4 Re4 24. Qf5 Rae8 25. Be3 Qc6 26. Rd4 Rxd4 27. Bxd4 Qe6 28. Qf4 Qe4 29. Qc1 Qe7 30. Rb5 c6 31. Ra5 Qd7 32. Kg2 Qe7 33. Qf4 Qd7 34. h3 Kh7 35. Bc5 Re1 36. Bd4 Re8 37. Bc5 Qb7 38. Qf5+ Kg8 39. Bd4 Re4 40. Bc5 Nc8 41. g4 Qc7 42. Ra6 Qb7 43. Ra5 Ne7 44. Qf3 Ng6 45. Qg3 Nf4+ 46. Kh2 a6 47. Bd6 Ne2 48. Qf3 Qb1 49. Qg2 Qb6 50. Ra4 c5 51. Bg3 Nxc3 52. Ra3 Ne2 53. Qf3 Qb1 54. Qg2 c3 55. f3 Re8 56. Rb3 c2 0-1

[Event "Edward Lasker Memorial 108th"]
[Site "New York"]
[Date "2024.12.12"]
[Round "1"]
[White "Rosenthal, Max Manuel"]
[Black "Jacobson, Aaron"]
[Result "0-1"]
[WhiteElo "1997"]
[BlackElo "2381"]
[PlyCount "54"]
[EventDate "2024.12.12"]
[EventType "swiss"]
[EventRounds "7"]
[EventCountry "USA"]
[SourceTitle "CB51_2024"]
[SourceDate "2024.12.18"]
[SourceVersion "1"]
[SourceVersionDate "2024.12.18"]
[SourceQuality "1"]

1. e4 e5 2. Nf3 Nc6 3. Nc3 Nf6 4. d4 exd4 5. Nd5 Nb4 6. Bc4 Nbxd5 7. exd5 Bb4+ 8. Kf1 0-0 9. Qxd4 Be7 10. Bd3 d6 11. Bg5 h6 12. h4 Re8 13. Re1 Bd7 14. Qf4 Nh5 15. Qd4 f5 16. Bxe7 Rxe7 17. Rxe7 Qxe7 18. Kg1 Nf6 19. c4 Ng4 20. g3 c5 21. Qf4 Qf6 22. Qd2 f4 23. Kg2 Rf8 24. Rf1 Bf5 25. Bxf5 Qxf5 26. Qxf4 Qg6 27. Qd2 Qe4 0-1

[Event "New York Fall GM-B"]
[Site "New York"]
[Date "2024.11.11"]
[Round "9"]
[White "Budisavljevic, Luka"]
[Black "Jacobson, Aaron"]
[Result "1/2-1/2"]
[WhiteElo "2488"]
[BlackElo "2368"]
[PlyCount "25"]
[EventDate "2024.11.07"]
[EventType "tourn"]
[EventRounds "9"]
[EventCountry "USA"]
[EventCategory "6"]
[SourceTitle "CB45_2024"]
[Source "ChessBase"]
[SourceDate "2024.11.06"]
[SourceVersion "1"]
[SourceVersionDate "2024.11.06"]
[SourceQuality "1"]

1. Nf3 d5 2. g3 g6 3. Bg2 Bg7 4. 0-0 e5 5. d3 Ne7 6. c4 dxc4 7. Qa4+ Nbc6 8. Qxc4 0-0 9. Qc2 Nb4 10. Qb3 Nbc6 11. Qc2 Nb4 12. Qb3 Nbc6 13. Qc2 1/2-1/2

[Event "New York Fall GM-B"]
[Site "New York"]
[Date "2024.11.11"]
[Round "8"]
[White "Jacobson, Aaron"]
[Black "Chen, Ryo"]
[Result "1-0"]
[WhiteElo "2368"]
[BlackElo "2435"]
[PlyCount "75"]
[EventDate "2024.11.07"]
[EventType "tourn"]
[EventRounds "9"]
[EventCountry "USA"]
[EventCategory "6"]
[SourceTitle "CB45_2024"]
[Source "ChessBase"]
[SourceDate "2024.11.06"]
[SourceVersion "1"]
[SourceVersionDate "2024.11.06"]
[SourceQuality "1"]

1. d4 Nf6 2. c4 g6 3. Nc3 Bg7 4. e4 d6 5. f4 0-0 6. Nf3 c5 7. d5 e6 8. Be2 exd5 9. cxd5 Nbd7 10. 0-0 Re8 11. Qc2 a6 12. a4 Qc7 13. Kh1 c4 14. Ra3 Rb8 15. Be3 Nc5 16. e5 Ng4 17. Bxc5 Qxc5 18. Ne4 Bf5 19. Nxc5 Bxc2 20. Nd4 Bf5 21. Nxf5 gxf5 22. Bxg4 fxg4 23. Ne4 dxe5 24. f5 Red8 25. Rd1 f6 26. Rg3 h5 27. h3 Kf7 28. hxg4 hxg4 29. Rxg4 b5 30. a5 Rbc8 31. d6 Rc6 32. Kg1 b4 33. Rg3 Bh6 34. Kf2 c3 35. bxc3 Rc4 36. Rg4 Bf4 37. Rh1 bxc3 38. Rh7+ 1-0

[Event "New York Fall GM-B"]
[Site "New York"]
[Date "2024.11.09"]
[Round "4"]
[White "Jacobson, Aaron"]
[Black "Stearman, Josiah P"]
[Result "1-0"]
[WhiteElo "2368"]
[BlackElo "2445"]
[PlyCount "59"]
[EventDate "2024.11.07"]
[EventType "tourn"]
[EventRounds "9"]
[EventCountry "USA"]
[EventCategory "6"]
[SourceTitle "CB45_2024"]
[Source "ChessBase"]
[SourceDate "2024.11.06"]
[SourceVersion "1"]
[SourceVersionDate "2024.11.06"]
[SourceQuality "1"]

1. d4 Nf6 2. c4 g6 3. Nc3 Bg7 4. e4 d6 5. Nf3 0-0 6. Bd3 Bg4 7. Be2 Bxf3 8. Bxf3 Nfd7 9. Be3 Nc6 10. h4 e5 11. d5 Nd4 12. h5 c5 13. hxg6 fxg6 14. Bg4 Nf6 15. Be6+ Kh8 16. Qd3 Nh5 17. 0-0-0 b5 18. cxb5 Nf4 19. Qf1 Qf6 20. Bh3 Bh6 21. Bg4 Bg5 22. Kb1 Rab8 23. a4 a6 24. bxa6 Qd8 25. a7 Rb3 26. Qa6 c4 27. Qxc4 Qa5 28. Rxd4 Qxa7 29. Qxb3 exd4 30. Nb5 1-0

[Event "Titled Tuesday intern op 17th Sep Late"]
[Site "Chess,com INT"]
[Date "2024.09.17"]
[Round "7"]
[White "Ferreira, Vitor Hugo Vieira"]
[Black "Jacobson, Aaron"]
[Result "0-1"]
[WhiteElo "2128"]
[BlackElo "2390"]
[PlyCount "58"]
[EventDate "2024.09.17"]
[EventType "swiss (blitz)"]
[EventRounds "11"]
[EventCountry "USA"]
[SourceTitle "EXT 2025"]
[Source "ChessBase"]
[SourceDate "2024.10.14"]
[SourceVersion "1"]
[SourceVersionDate "2024.10.14"]
[SourceQuality "1"]

1. e4 f5 2. exf5 Nf6 3. d4 d5 4. Bd3 c5 5. dxc5 e5 6. fxe6 Bxc5 7. Nf3 0-0 8. 0-0 Bxe6 9. Bg5 Nc6 10. Nbd2 Qd6 11. Nb3 Bb6 12. Bh4 Bg4 13. Bg3 Qd7 14. Be2 Rae8 15. c3 Nh5 16. Ne5 Nxe5 17. Bxe5 Bxe2 18. Qxe2 Nf4 19. Qd2 Rxe5 20. Kh1 Qg4 21. f3 Qh5 22. Rae1 Rxe1 23. Rxe1 Qf5 24. Nd4 Qd3 25. Qf2 Bxd4 26. cxd4 Qg6 27. h4 Nd3 28. Qc2 Nxe1 29. Qxg6 hxg6 0-1

[Event "Titled Tuesday intern op 17th Sep Late"]
[Site "Chess,com INT"]
[Date "2024.09.17"]
[Round "1"]
[White "Jacobson, Aaron"]
[Black "Alonso, Raphael VP Patricio"]
[Result "1-0"]
[WhiteElo "2390"]
[BlackElo "2170"]
[PlyCount "54"]
[EventDate "2024.09.17"]
[EventType "swiss (blitz)"]
[EventRounds "11"]
[EventCountry "USA"]
[SourceTitle "EXT 2025"]
[Source "ChessBase"]
[SourceDate "2024.10.14"]
[SourceVersion "1"]
[SourceVersionDate "2024.10.14"]
[SourceQuality "1"]

1. e4 c5 2. Nf3 g6 3. d4 cxd4 4. Nxd4 Bg7 5. c4 Nc6 6. Be3 d6 7. Nc3 Nf6 8. Be2 0-0 9. 0-0 Nxd4 10. Bxd4 a5 11. h3 Nd7 12. Bxg7 Kxg7 13. b3 Nc5 14. Qd4+ Kg8 15. f4 Qb6 16. Nd5 Qd8 17. f5 Bd7 18. f6 e5 19. Qe3 Bc6 20. Qh6 Ne6 21. Bg4 Bxd5 22. Bxe6 Qxf6 23. Rxf6 Bxe6 24. Raf1 a4 25. h4 axb3 26. axb3 Ra2 27. Rxe6 Ra1 1-0

[Event "Titled Tuesday intern op 10th Sep Late"]
[Site "Chess,com INT"]
[Date "2024.09.10"]
[Round "3"]
[White "Andrade, Ivan"]
[Black "Jacobson, Aaron"]
[Result "0-1"]
[WhiteElo "2132"]
[BlackElo "2390"]
[PlyCount "46"]
[EventDate "2024.09.10"]
[EventType "swiss (blitz)"]
[EventRounds "11"]
[EventCountry "USA"]
[SourceTitle "EXT 2025"]
[Source "ChessBase"]
[SourceDate "2024.10.14"]
[SourceVersion "1"]
[SourceVersionDate "2024.10.14"]
[SourceQuality "1"]

1. e4 h5 2. d4 c6 3. Nf3 d5 4. e5 Bf5 5. Bd3 Bxd3 6. Qxd3 e6 7. Bg5 Qb6 8. Nbd2 c5 9. c4 Ne7 10. 0-0 Nbc6 11. a3 Nxd4 12. Nxd4 cxd4 13. b4 Nc6 14. c5 Qc7 15. Nf3 Be7 16. Bxe7 Qxe7 17. b5 Na5 18. Qxd4 Nb3 19. Qb4 Nxa1 20. Rxa1 Rc8 21. Rc1 0-0 22. Nd4 Rc7 23. Qd2 Rxc5 0-1

[Event "Titled Tuesday intern op 10th Sep Early"]
[Site "Chess,com INT"]
[Date "2024.09.10"]
[Round "10"]
[White "Bardyk, Artem"]
[Black "Jacobson, Aaron"]
[Result "1-0"]
[WhiteElo "2278"]
[BlackElo "2390"]
[PlyCount "57"]
[EventDate "2024.09.10"]
[EventType "swiss (blitz)"]
[EventRounds "11"]
[EventCountry "USA"]
[SourceTitle "EXT 2025"]
[Source "ChessBase"]
[SourceDate "2024.10.14"]
[SourceVersion "1"]
[SourceVersionDate "2024.10.14"]
[SourceQuality "1"]

1. e4 d5 2. exd5 Nf6 3. Bb5+ Nbd7 4. d4 a6 5. Be2 Nxd5 6. c4 N5f6 7. Nc3 e6 8. Nf3 Be7 9. 0-0 0-0 10. Re1 b6 11. Bf4 Bb7 12. Rc1 Ne4 13. Nxe4 Bxe4 14. d5 exd5 15. cxd5 Ra7 16. Bf1 Nf6 17. Rxe4 Nxe4 18. Ne5 Ra8 19. Nc6 Qd7 20. Qe2 Bd6 21. Qxe4 Rae8 22. Qd4 Bxf4 23. Qxf4 Qxd5 24. Nb4 Qa5 25. Rxc7 Re1 26. Nd3 Rb1 27. Nc1 Rxb2 28. Qxf7+ Kh8 29. Qxf8# 1-0

[Event "Titled Tuesday intern op 10th Sep Late"]
[Site "Chess,com INT"]
[Date "2024.09.10"]
[Round "5"]
[White "Hajiyev, Kanan"]
[Black "Jacobson, Aaron"]
[Result "1-0"]
[WhiteElo "2109"]
[BlackElo "2390"]
[PlyCount "99"]
[EventDate "2024.09.10"]
[EventType "swiss (blitz)"]
[EventRounds "11"]
[EventCountry "USA"]
[SourceTitle "EXT 2025"]
[Source "ChessBase"]
[SourceDate "2024.10.14"]
[SourceVersion "1"]
[SourceVersionDate "2024.10.14"]
[SourceQuality "1"]

1. d4 Nf6 2. Nf3 d5 3. c4 e6 4. cxd5 exd5 5. Nc3 c6 6. Qc2 g6 7. Bg5 Be7 8. e3 Bf5 9. Bd3 Bxd3 10. Qxd3 Nbd7 11. Bh6 Ng4 12. Bf4 0-0 13. 0-0 Re8 14. Rab1 a5 15. Rfc1 Ngf6 16. Ne5 Nxe5 17. Bxe5 Bd6 18. Bxd6 Qxd6 19. h3 Kg7 20. a3 Ne4 21. Nxe4 Rxe4 22. b4 axb4 23. axb4 Ra2 24. b5 Re6 25. bxc6 bxc6 26. Rb6 Rf6 27. Rf1 Qd8 28. Qb3 Rd2 29. Rb8 Qa5 30. Qb4 Qxb4 31. Rxb4 Rc2 32. Rbb1 c5 33. dxc5 Rxc5 34. Rb2 Rd6 35. Rd2 Kf6 36. Rfd1 Ke6 37. g4 h6 38. h4 Rc4 39. Rd4 Rxd4 40. Rxd4 Ra6 41. Kg2 Ra2 42. Kf3 Rb2 43. Ra4 Rb6 44. Kf4 Kf6 45. Rd4 Rb5 46. Ra4 g5+ 47. Kg3 Rb6 48. Ra5 Ke5 49. h5 Ke4 50. Ra7 1-0

[Event "Titled Tuesday intern op 10th Sep Early"]
[Site "Chess,com INT"]
[Date "2024.09.10"]
[Round "1"]
[White "Skaric, Djuro"]
[Black "Jacobson, Aaron"]
[Result "0-1"]
[WhiteElo "2277"]
[BlackElo "2390"]
[PlyCount "86"]
[EventDate "2024.09.10"]
[EventType "swiss (blitz)"]
[EventRounds "11"]
[EventCountry "USA"]
[SourceTitle "EXT 2025"]
[Source "ChessBase"]
[SourceDate "2024.10.14"]
[SourceVersion "1"]
[SourceVersionDate "2024.10.14"]
[SourceQuality "1"]

1. g3 e5 2. Bg2 d5 3. d3 Nc6 4. Nf3 f6 5. 0-0 Be6 6. Nc3 Qd7 7. e4 Nge7 8. d4 exd4 9. Nxd4 Nxd4 10. Qxd4 Nc6 11. Qa4 d4 12. Nd5 0-0-0 13. Bf4 Bd6 14. Bxd6 Qxd6 15. Rfd1 Kb8 16. c3 dxc3 17. bxc3 Bxd5 18. Rxd5 Qe7 19. Rb1 Ne5 20. Rdb5 b6 21. f4 Ng4 22. e5 Qe6 23. Qe4 c6 24. f5 Qc8 25. Qxg4 cxb5 26. Qe4 Qc5+ 27. Kh1 Rd7 28. Qa8+ Kc7 29. Qb7+ Kd8 30. e6 Rxb7 31. Bxb7 Ke7 32. Rd1 Rd8 33. Rf1 Qxc3 34. Bf3 Qe3 35. h4 Qd3 36. Rf2 Qxf5 37. Kg2 Qc5 38. Re2 Rd4 39. g4 Qd6 40. g5 fxg5 41. hxg5 Rd2 42. Kf2 Rxe2+ 43. Bxe2 Qf4+ 0-1

[Event "Titled Tuesday intern op 10th Sep Late"]
[Site "Chess,com INT"]
[Date "2024.09.10"]
[Round "6"]
[White "Todev, Simeon"]
[Black "Jacobson, Aaron"]
[Result "1-0"]
[WhiteElo "2092"]
[BlackElo "2390"]
[PlyCount "127"]
[EventDate "2024.09.10"]
[EventType "swiss (blitz)"]
[EventRounds "11"]
[EventCountry "USA"]
[SourceTitle "EXT 2025"]
[Source "ChessBase"]
[SourceDate "2024.10.14"]
[SourceVersion "1"]
[SourceVersionDate "2024.10.14"]
[SourceQuality "1"]

1. e4 d5 2. exd5 Nf6 3. Nf3 Bg4 4. d4 Qxd5 5. Be2 Nc6 6. 0-0 0-0-0 7. Be3 Qf5 8. h3 Bxf3 9. Bxf3 Nxd4 10. Bxd4 c6 11. c3 e5 12. Qa4 exd4 13. Qxa7 Bc5 14. Qa8+ Kc7 15. Qa5+ Kb8 16. b4 dxc3 17. Nxc3 Bxf2+ 18. Rxf2 Qd3 19. Na4 Ne4 20. Qe5+ Nd6 21. Nc5 Qb5 22. Rd1 Rhe8 23. Qg3 Kc7 24. Ne4 Re6 25. Rfd2 Rg6 26. Qh2 Qb6+ 27. Kh1 Qxb4 28. Rd4 Qa3 29. Qe5 Re6 30. Qg3 Rg6 31. Qf4 Rf6 32. Nxf6 gxf6 33. Qxf6 Qc5 34. Qg7 Rd7 35. Bg4 f5 36. Qg5 Qc2 37. Bf3 Qc5 38. Qf4 Rd8 39. g4 fxg4 40. Bxg4 Qa3 41. Kg2 b5 42. R1d2 Qc5 43. Be6 Re8 44. Qxd6+ Qxd6 45. Rxd6 Kb6 46. Rxc6+ Kxc6 47. Bd7+ Kc5 48. Bxe8 Kb4 49. Bf7 h5 50. Rb2+ Ka3 51. Rxb5 h4 52. Bh5 Ka4 53. Be8 Ka3 54. Rg5 Kb2 55. Rg4 Kc3 56. Rxh4 Kd2 57. Rg4 Ke1 58. h4 Kd2 59. h5 Ke1 60. h6 Ke2 61. Kg3 Ke1 62. h7 Kf1 63. h8Q Kg1 64. Qa1# 1-0

[Event "Titled Tuesday intern op 13th Aug Late"]
[Site "Chess.com INT"]
[Date "2024.08.13"]
[Round "3"]
[White "Jacobson, Aaron"]
[Black "Herman, Daniel"]
[Result "1-0"]
[WhiteElo "2390"]
[BlackElo "1925"]
[PlyCount "51"]
[EventDate "2024.08.13"]
[EventType "swiss (blitz)"]
[EventRounds "11"]
[EventCountry "USA"]
[SourceTitle "EXT 2025"]
[Source "ChessBase"]
[SourceDate "2024.10.14"]
[SourceVersion "1"]
[SourceVersionDate "2024.10.14"]
[SourceQuality "1"]

1. e4 e5 2. Nf3 Nc6 3. Nc3 Nf6 4. d4 exd4 5. Nxd4 Bb4 6. Nxc6 bxc6 7. Bd3 0-0 8. 0-0 d5 9. exd5 Bg4 10. Ne2 cxd5 11. h3 Bh5 12. c4 c6 13. Bg5 h6 14. Bh4 Re8 15. Qc2 Rb8 16. g4 Bg6 17. Bxg6 fxg6 18. Rad1 g5 19. Bg3 Rb7 20. Nd4 Qb6 21. Nf5 Ne4 22. cxd5 g6 23. dxc6 gxf5 24. cxb7 Nxg3 25. Qb3+ Kg7 26. Rd7+ 1-0

[Event "Titled Tuesday intern op 13th Aug Late"]
[Site "Chess.com INT"]
[Date "2024.08.13"]
[Round "6"]
[White "Moroni, Luca Jr"]
[Black "Jacobson, Aaron"]
[Result "1-0"]
[WhiteElo "2558"]
[BlackElo "2390"]
[PlyCount "143"]
[EventDate "2024.08.13"]
[EventType "swiss (blitz)"]
[EventRounds "11"]
[EventCountry "USA"]
[SourceTitle "EXT 2025"]
[Source "ChessBase"]
[SourceDate "2024.10.14"]
[SourceVersion "1"]
[SourceVersionDate "2024.10.14"]
[SourceQuality "1"]

1. d4 d5 2. Bf4 c5 3. e3 cxd4 4. exd4 Nc6 5. c3 f6 6. Nf3 g5 7. Bg3 Bg7 8. Bb5 Bf5 9. Qe2 e6 10. 0-0 Nge7 11. Re1 h5 12. h4 g4 13. Nfd2 Qd7 14. Nf1 Kf7 15. Nbd2 a6 16. Bd3 Bxd3 17. Qxd3 Nf5 18. Ne3 Nxg3 19. fxg3 f5 20. Rf1 Bh6 21. Nb3 b6 22. Rae1 Rae8 23. Nc1 a5 24. Ne2 Rhf8 25. Nf4 Bxf4 26. gxf4 g3 27. Rf3 Qd8 28. Rxg3 Qxh4 29. Nxf5 Qxf4 30. Rf1 Qb8 31. Nd6+ Ke7 32. Nxe8 Rxf1+ 33. Kxf1 Qxe8 34. Qe3 Qf7+ 35. Kg1 Kd7 36. Qh6 Ne7 37. Rg7 Qf8 38. Qh7 Kd6 39. Rf7 Qd8 40. Qg7 h4 41. Kh2 Qe8 42. Rxe7 Qxe7 43. Qxe7+ Kxe7 44. Kh3 e5 45. dxe5 b5 46. Kxh4 Ke6 47. Kg4 Kxe5 48. Kf3 d4 49. cxd4+ Kxd4 50. g4 Kd3 51. g5 Kc2 52. g6 Kxb2 53. g7 Kxa2 54. g8Q+ Ka3 55. Ke3 b4 56. Kd2 Kb2 57. Qg7+ Ka2 58. Kc1 Ka3 59. Qb2+ Ka4 60. Qa2+ Kb5 61. Kb2 a4 62. Qd5+ Kb6 63. Ka2 Ka6 64. Qc5 a3 65. Qxb4 Ka7 66. Kxa3 Ka6 67. Kb3 Ka7 68. Kc4 Ka6 69. Kc5 Ka7 70. Kc6 Ka6 71. Kc7 Ka7 72. Qa4# 1-0